| 000 | 00914nam a22002057a 4500 | ||
|---|---|---|---|
| 999 |
_c12894 _d12894 |
||
| 003 | AR-CdUCM | ||
| 008 | 190410b ||||| |||| 00| 0 spa d | ||
| 040 |
_aMUNICIPALIDAD PROVINCIAL DEL CUSCO _cBIBLIOTECA MUNICIPAL DEL CUSCO |
||
| 082 |
_22ed _a337.11 / _bA68 |
||
| 100 |
_aArdiles Campana, Efrain _931004 |
||
| 245 | _aTeoría de la integración de los continentes / | ||
| 260 |
_aCusco : _bTaller gráfico Cadij, _c2006. |
||
| 300 |
_a142 páginas ; _c20 cm. |
||
| 505 | _aContenido: Desarrollo histórico de la integración -- Desarrollo de la teoría -- Concepto de integración -- Definición de derecho de integración -- Instituciones y espacio política en el Perú -- Hechos humanos geográficos... | ||
| 650 |
_aIntegración económica internacional _931005 |
||
| 650 |
_aComercio internacional _94073 |
||
| 650 |
_aRelaciones económicas _97625 |
||
| 942 |
_2ddc _cLIBROS |
||
| 945 |
_adavv _d10/04/2019 |
||